<?xml version="1.0" encoding="UTF-8"?><?xml-stylesheet type="text/xsl" href="static/style.xsl"?><OAI-PMH xmlns="http://www.openarchives.org/OAI/2.0/" xmlns:xsi="http://www.w3.org/2001/XMLSchema-instance" xsi:schemaLocation="http://www.openarchives.org/OAI/2.0/ http://www.openarchives.org/OAI/2.0/OAI-PMH.xsd"><responseDate>2026-04-14T07:51:29Z</responseDate><request verb="GetRecord" identifier="oai:www.recercat.cat:2072/479781" metadataPrefix="marc">https://recercat.cat/oai/request</request><GetRecord><record><header><identifier>oai:recercat.cat:2072/479781</identifier><datestamp>2025-07-29T23:36:41Z</datestamp><setSpec>com_2072_98</setSpec><setSpec>col_2072_378192</setSpec></header><metadata><record xmlns="http://www.loc.gov/MARC21/slim" xmlns:dcterms="http://purl.org/dc/terms/" xmlns:xsi="http://www.w3.org/2001/XMLSchema-instance" xmlns:doc="http://www.lyncode.com/xoai" xsi:schemaLocation="http://www.loc.gov/MARC21/slim http://www.loc.gov/standards/marcxml/schema/MARC21slim.xsd">
   <leader>00925njm 22002777a 4500</leader>
   <datafield ind2=" " ind1=" " tag="042">
      <subfield code="a">dc</subfield>
   </datafield>
   <datafield ind2=" " ind1=" " tag="720">
      <subfield code="a">De Paolis, Bianca Maria</subfield>
      <subfield code="e">author</subfield>
   </datafield>
   <datafield ind2=" " ind1=" " tag="720">
      <subfield code="a">Andorno, Cecilia</subfield>
      <subfield code="e">author</subfield>
   </datafield>
   <datafield ind2=" " ind1=" " tag="720">
      <subfield code="a">Benazzo, Sandra</subfield>
      <subfield code="e">author</subfield>
   </datafield>
   <datafield ind2=" " ind1=" " tag="260">
      <subfield code="c">2024</subfield>
   </datafield>
   <datafield ind2=" " ind1=" " tag="520">
      <subfield code="a">Altres ajuts: Projecte d'investigació co-finançat per la Italian-French University a través del Projet Vinci 2022</subfield>
   </datafield>
   <datafield ind2=" " ind1=" " tag="520">
      <subfield code="a">Cleft constructions exhibit variations in their frequency of usage, influenced by different constraints and preferences at various levels, such as syntax or function. Additionally, these constraints and purposes may differ across languages. This study aims to clarify the factors influencing the use of cleft constructions among speakers of two closely related languages, Italian and French. By analyzing the behaviors of native speakers, we also formulate hypotheses regarding how these factors manifest in the speech of second language (L2) learners of these languages. Our findings highlight a difference in how native speakers handle the functional parameter in the use of clefts, with Italian speakers (but not French speakers) distinguishing between identification and correction. The linguistic proximity between Italian and French facilitates the acquisition of this complex structure among learners. However, other factors contribute to differing receptions of asymmetries in L2, including acquisitional phenomena such as the predominance of communicative need and the difficulty in incorporating the functional parameter.</subfield>
   </datafield>
   <datafield tag="653" ind2=" " ind1=" ">
      <subfield code="a">Cleft constructions</subfield>
   </datafield>
   <datafield tag="653" ind2=" " ind1=" ">
      <subfield code="a">Information structure</subfield>
   </datafield>
   <datafield tag="653" ind2=" " ind1=" ">
      <subfield code="a">Second language acquisition</subfield>
   </datafield>
   <datafield tag="653" ind2=" " ind1=" ">
      <subfield code="a">Cross-l</subfield>
   </datafield>
   <datafield tag="653" ind2=" " ind1=" ">
      <subfield code="a">Romance</subfield>
   </datafield>
   <datafield ind2="0" ind1="0" tag="245">
      <subfield code="a">Accounting for asymmetries in cleft sentence use : syntactic and functional preferences in L1 and L2 Italian and French</subfield>
   </datafield>
</record></metadata></record></GetRecord></OAI-PMH>